Intermediate algebra

Αποθηκεύτηκε σε:
Λεπτομέρειες βιβλιογραφικής εγγραφής
Κύριος συγγραφέας: McArthur, Neil
Άλλοι συγγραφείς: Keith, Alexander
Μορφή: Βιβλίο
Γλώσσα:English
Δημοσίευση: London : Methuen, 1951, c1942
Έκδοση:5η εκδ., αναθ.
Θέματα:
Ετικέτες: Προσθήκη ετικέτας
Δεν υπάρχουν, Καταχωρήστε ετικέτα πρώτοι!

MARC

LEADER 00000cam a2200000 i 4500
001 1/4345
008 100209r19511942 eng d
035 |l 10106730 
040 |a GR-MY-UA  |b gre  |e aacr 
041 0 |a eng 
082 0 |a 512.9  |2 (22) 
100 1 |a McArthur, Neil. 
245 1 0 |a Intermediate algebra /  |c by Neil McArthur and Alexander Keith 
250 |a 5η εκδ., αναθ. 
260 |a London :   |b Methuen,   |c 1951, c1942 
300 |a x, 449 σ.;  |b διαγρ.;  |c 19 εκ. 
504 |a Περιέχει ευρετήριο 
650 0 0 |a Algebra. 
700 1 |a Keith, Alexander. 
852 |a INST  |b SAMOS  |c MAG  |e 20100209  |h 512.9 MCA  |p 005300030679  |q 005300030679  |t BK  |y 0 
901 |a BIBL3-2010-1 
909 |a Σ  |b 161767 
970 |a ΣΙΤΖΙΜΗ  |b ΓΙΑΣΕΜΗ  |z 2010/02/09